000 00478pab a2200169 454500
008 180718b2009 xxu||||| |||| 00| 0 eng d
100 _aGoldstein, Don
245 _aWeirton revisited: finance, the working class, and Rustbelt steel restructuring
260 _c2009
300 _ap.352-57.
362 _aSummer
650 _aUnited States - Steel industries
650 _aSteel industry
773 _aReview of Radical Political Economics
908 _aN
909 _a84614
999 _c84614
_d84614